| 000 | 01428cam a2200397 i 4500 | ||
|---|---|---|---|
| 001 | xx003016400 | ||
| 003 | NUKAT | ||
| 005 | 20260312212225.0 | ||
| 008 | 140203s1906 fr g |000 1 fre c | ||
| 035 | _a(OCoLC)869965133 | ||
| 035 | _a(NUKAT)xx003016400 | ||
| 040 |
_aGD PAN/AKW _cGD PAN/AKWs |
||
| 100 | 1 |
_aGobineau, Arthur de _d(1816-1882). _937979 |
|
| 245 | 1 | 3 |
_aLa Renaissance : _bSavonarole, César Borgia, Jules II, Léon X, Michel-Ange : scène historiques / _cpar Le comte de Gobineau. |
| 250 | _a3 éd. | ||
| 260 |
_aParis : _bPlon-Nourrit et Cie, _c1906. |
||
| 300 |
_a566, [1] s. ; _c20 cm. |
||
| 336 |
_aTekst _btxt _2rdacontent |
||
| 337 |
_aBez urządzenia pośredniczącego _bn _2rdamedia |
||
| 338 |
_aWolumin _bnc _2rdacarrier |
||
| 380 | _aKsiążki | ||
| 600 | 1 | 7 |
_aSavonarola, Girolamo _d(1452-1498). _2kaba _937974 |
| 600 | 1 | 7 |
_aBorgia, Cesare _d(około 1475-1507). _2kaba _937975 |
| 600 | 0 | 7 |
_aJuliusz _bII _c(papież ; _d1443-1513). _2kaba _937976 |
| 600 | 0 | 7 |
_aLeon _bX _c(papież ; _d1475-1521). _2kaba _937977 |
| 600 | 1 | 4 |
_aBuonarroti, Michelangelo _d(1475-1564). _2kaba _916897 |
| 650 | 7 |
_aRenesans _2DBN _937978 |
|
| 650 | 4 |
_aRenesans _zWłochy. _2kaba _93179 |
|
| 651 | 7 |
_aWłochy _2DBN _937698 |
|
| 655 | 7 |
_aDramat francuski _y19 w. _2kaba _937980 |
|
| 658 | _aHistoria | ||
| 658 | _aKultura i sztuka | ||
| 658 | _aLiteraturoznawstwo | ||
| 710 | 2 |
_aEditions Plon. _4pbl _93751 |
|
| 942 |
_2ddc _cBK_NM |
||
| 999 |
_c26980 _d26980 |
||